[Event "Easter Tournament 2008"]
[Site "SchemingMind.com"]
[Date "2008.05.17"]
[Round "-"]
[White "dtedesco"]
[Black "tacticrules"]
[Result "0-1"]
[WhiteCountry "CAN"]
[BlackCountry "GER"]
[WhiteElo "1460"]
[WhiteRD "54"]
[BlackElo "1544"]
[BlackRD "67"]
[GameID "155069"]

1. e4 e6 2. d4 d5 3. Nc3 Nf6 4. f3 Bb4 5. Bd2 dxe4 6. fxe4 Bxc3 7. Bxc3 Nxe4 8. Qg4 Nf6 9. Qxg7 Rg8 10. Qh6 Rg6
11. Qf4 Nd5 12. Qe5 f6 13. Qh5 Qe7 14. Bd2 Nd7 15. Nf3 c6 16. Bd3 f5 17. O-O-O b6 18. Bg5 Qg7 19. Ne5 Nxe5 20. dxe5 Bb7
21. Bh6 Qxh6+ 22. Qxh6 Rxh6 23. h4 Rg6 24. Rhg1 Nf4 25. Bc4 Ke7 26. Rd2 Rd8 27. g3 Rxd2 28. Kxd2 Nd5 29. c3 b5 30. Bxd5 exd5
31. b4 Ke6 32. h5 Rg5 33. Kd3 Kxe5 34. a3 Rxh5 35. Rf1 Rg5 36. Rg1 h5 37. Ke3= h4 38. Kf3 hxg3 39. Rxg3 Rxg3+ 40. Kxg3 Ke4
41. Kf2 f4 42. Ke2 f3+ 43. Kf2= Kd3 44. Kxf3 Kxc3 45. Ke3 d4+ 46. Ke2 Kc2
0-1

[Event "Easter Tournament 2008"]
[Site "SchemingMind.com"]
[Date "2008.05.17"]
[Round "-"]
[White "dtedesco"]
[Black "Quanah4"]
[Result "0-1"]
[WhiteCountry "CAN"]
[BlackCountry "USA"]
[WhiteElo "1471"]
[WhiteRD "57"]
[BlackElo "1627"]
[BlackRD "78"]
[GameID "155070"]

1. e4 c5 2. Nf3 g6 3. Bc4 Bg7 4. e5 e6 5. Nc3 Ne7 6. d4 cxd4 7. Nxd4 Bxe5 8. Bh6 d5 9. Bb5+ Nbc6 10. Bg5 f6
11. f4 fxg5 12. fxe5 O-O 13. Qe2 Nxd4 14. Qe3 Nxc2+
0-1

[Event "Easter Tournament 2008"]
[Site "SchemingMind.com"]
[Date "2008.05.20"]
[Round "-"]
[White "dtedesco"]
[Black "Shanks"]
[Result "1-0"]
[WhiteCountry "CAN"]
[BlackCountry "ENG"]
[WhiteElo "1475"]
[WhiteRD "57"]
[BlackElo "1407"]
[BlackRD "67"]
[GameID "155071"]

1. e4 c6 2. d4 d5 3. Nc3 dxe4 4. Nxe4 h6 5. Nf3 Bf5 6. Bd3 e6 7. Bf4 Nd7 8. Nc5 Nxc5 9. Bxf5 exf5 10. dxc5 Qc8
11. Qe2+ Ne7 12. Rd1 b6 13. Qc4 b5 14. Qe2 Qb7 15. Bd6 O-O-O 16. Ne5 g6 17. Nxf7 Rd7 18. Nxh8 Bg7 19. Nxg6 Bf6 20. Qe6 Nd5
21. Qxf5 Bd8 22. O-O a5 23. Rfe1 a4 24. Re8 b4 25. Ne7+ Nxe7 26. Bxe7 Kb8 27. Rxd7 Qxd7 28. Qxd7 Ka8 29. Rxd8#
1-0

[Event "Easter Tournament 2008"]
[Site "SchemingMind.com"]
[Date "2008.05.17"]
[Round "-"]
[White "dtedesco"]
[Black "mmccaffe"]
[Result "0-1"]
[WhiteCountry "CAN"]
[BlackCountry "USA"]
[WhiteElo "1475"]
[WhiteRD "57"]
[BlackElo "1607"]
[BlackRD "55"]
[GameID "155072"]

1. e4 e6 2. d4 d5 3. Nd2 c5 4. Ngf3 Nc6 5. Bb5 a6 6. exd5 exd5 7. Bxc6+ bxc6 8. O-O Nf6 9. Ne5 Bd6 10. Nxc6 Bxh2+
11. Kh1 Qc7 12. Re1+ Be6 13. Ne5 Bxe5 14. Rxe5 O-O 15. Nf3 c4 16. Bf4 Qb6 17. Rb1 Rab8 18. Ng5 Rb7 19. Nxe6 fxe6 20. b3 a5
21. bxc4 Qxb1 22. Bc1 Rb2 23. Kh2 Rxa2 24. cxd5 exd5 25. Re1 Qxc2 26. Qxc2 Rxc2 27. f3 Rb8 28. Kh3 Re8 29. Rd1 Ree2 30. Bf4 Rxg2
31. Be5 a4 32. Bxf6 gxf6 33. f4 a3 34. Ra1 a2 35. f5 Rb2 36. Kh4 Rb1
0-1

[Event "Easter Tournament 2008"]
[Site "SchemingMind.com"]
[Date "2008.05.18"]
[Round "-"]
[White "dtedesco"]
[Black "ingbeti"]
[Result "0-1"]
[WhiteCountry "CAN"]
[BlackCountry "MEX"]
[WhiteElo "1460"]
[WhiteRD "54"]
[BlackElo "1553"]
[BlackRD "87"]
[GameID "155073"]

1. e4 c5 2. Nf3 e6 3. b3 Nc6 4. Bb2 d6 5. Bd3 Be7 6. Nc3 Nf6 7. Qe2 O-O 8. a3 a6 9. O-O-O b5 10. Qe3 Ng4
11. Qf4 Nxf2 12. Qh4 Bxh4 13. Rhf1 Nxd1 14. Nxd1 Bf6 15. Bxf6 Qxf6 16. Nc3 Nd4 17. Nxd4 Qxd4 18. g4 c4 19. Be2 Bb7 20. b4 Bxe4
21. d3 Qxc3
0-1

[Event "Easter Tournament 2008"]
[Site "SchemingMind.com"]
[Date "2008.05.17"]
[Round "-"]
[White "marble"]
[Black "dtedesco"]
[Result "0-1"]
[WhiteCountry "ENG"]
[BlackCountry "CAN"]
[WhiteElo "1679"]
[WhiteRD "56"]
[BlackElo "1460"]
[BlackRD "54"]
[GameID "155074"]

1. e4 c6 2. d4 Nf6 3. Nc3 d6 4. Nf3 Bg4 5. h3 Bxf3 6. Qxf3 Qa5 7. Bd2 Qb6 8. e5 dxe5 9. dxe5 Nfd7 10. Bc4 Nxe5
11. Qf5 Nbd7 12. Bb3 g6 13. Qe4 Bg7 14. Na4 O-O 15. Nxb6 axb6 16. O-O-O Nc5 17. Qb4 Ra6 18. Bf4 Ned7 19. Be3 Nf6 20. Bxc5 Nd5
21. Bxd5 cxd5 22. Bxb6 Re8 23. Rxd5 Rxa2 24. Bd4 Ra1+ 25. Kd2 Rxh1 26. Bxg7 Kxg7 27. Qd4+ f6 28. Rb5 Rh2 29. Qe4 Rh1 30. Ra5 e5
31. Qxb7+ Kh6 32. Ra3 Rh2 33. Qf3 Rd8+ 34. Ke2 Rd4 35. Ra1 f5 36. Qg3 Rxg2 37. Qh4+ Rxh4
0-1

[Event "Easter Tournament 2008"]
[Site "SchemingMind.com"]
[Date "2008.05.17"]
[Round "-"]
[White "tacticrules"]
[Black "dtedesco"]
[Result "1-0"]
[WhiteCountry "GER"]
[BlackCountry "CAN"]
[WhiteElo "1530"]
[WhiteRD "71"]
[BlackElo "1471"]
[BlackRD "57"]
[GameID "155075"]

1. e4 c5 2. Nf3 e6 3. d4 d5 4. exd5 exd5 5. dxc5 Bxc5 6. c4 d4 7. Be2 Nf6 8. Kf1 Be6 9. Ng5 Nc6 10. Nxe6 fxe6
11. g3 Ne4 12. Kg2 O-O 13. f3 Nf6 14. a3 b6 15. b4 Bd6 16. Bb2 Qc7 17. Nd2 Nh5 18. f4 Bxf4 19. Bxh5 Rf5 20. Bg4 Raf8
21. Bxf5 Rxf5 22. Rf1 Bxg3 23. Rxf5 Bxh2 24. Rg5 Ne5 25. Nf3 Nf7 26. Rg4 Ne5 27. Nxh2 Qc6+ 28. Kg1 Nxg4 29. Qxg4 d3 30. Qd4 b5
31. Qxg7#
1-0

[Event "Easter Tournament 2008"]
[Site "SchemingMind.com"]
[Date "2008.05.17"]
[Round "-"]
[White "Quanah4"]
[Black "dtedesco"]
[Result "1-0"]
[WhiteCountry "USA"]
[BlackCountry "CAN"]
[WhiteElo "1601"]
[WhiteRD "75"]
[BlackElo "1466"]
[BlackRD "55"]
[GameID "155076"]

1. d4 Nf6 2. c4 g6 3. Nf3 Bg7 4. e3 c5 5. Nc3 O-O 6. Be2 d5 7. O-O cxd4 8. exd4 Nc6 9. b3 e6 10. Bb2 a6
11. Qc2 Nb4 12. Qd2 Ne4 13. Nxe4 a5 14. Ba3 dxe4 15. Ng5 e5 16. d5 Re8 17. Nxe4 b6 18. Bxb4 axb4 19. Qxb4 h6 20. Qd2 Bf5
21. Bd3 Bxe4 22. Bxe4 Ra5 23. Rab1 Qd6 24. b4 Ra3 25. Rb3 Rxb3 26. axb3 f5 27. Bc2 e4 28. Rd1 Ra8 29. Qe1 Ra2 30. Rc1 Be5
31. g3 Bb2 32. Bb1 Ra3 33. Rc2 Rxb3 34. b5 h5 35. Ba2 Qa3 36. Bxb3 Qxb3 37. Qe2 Bg7 38. Rc1 Bb2 39. Rb1 Qa2 40. Rxb2 Qa1+
41. Kg2 Kf7 42. d6 Ke8 43. Rd2 Kd7 44. Rd1 Qc3= 45. Rd2
1-0

[Event "Easter Tournament 2008"]
[Site "SchemingMind.com"]
[Date "2008.05.20"]
[Round "-"]
[White "mmccaffe"]
[Black "dtedesco"]
[Result "0-1"]
[WhiteCountry "USA"]
[BlackCountry "CAN"]
[WhiteElo "1606"]
[WhiteRD "57"]
[BlackElo "1466"]
[BlackRD "55"]
[GameID "155078"]

1. e4 c5 2. Nf3 d6 3. d4 g6 4. dxc5 Qa5+ 5. Bd2 Qxc5 6. Bc3 f6 7. Nbd2 Bg4 8. h3 Bxf3 9. Nxf3 Nc6 10. Bd3 e5
11. O-O Be7 12. Qe2 h6 13. Kh1 O-O-O 14. b4 Nxb4 15. Rfb1 a5 16. a3 Nxd3 17. cxd3 Kb8 18. d4 Qxc3 19. Qa6 Rd7
0-1

[Event "Easter Tournament 2008"]
[Site "SchemingMind.com"]
[Date "2008.05.17"]
[Round "-"]
[White "ingbeti"]
[Black "dtedesco"]
[Result "0-1"]
[WhiteCountry "MEX"]
[BlackCountry "CAN"]
[WhiteElo "1441"]
[WhiteRD "108"]
[BlackElo "1471"]
[BlackRD "57"]
[GameID "155079"]

1. e4 c5 2. Nc3 Nc6 3. g3 g6 4. Bg2 Bg7 5. d3 d6 6. f4 Nf6 7. Nf3 Bg4 8. Be3 Qa5 9. Qd2 O-O 10. O-O-O Nb4
11. h3 Nxa2+ 12. Nxa2 Qxa2 13. e5 Qa1#
0-1